Statistics for 5 Biggest Cities In Each US State By Proximity On Empty Map

Click here to take the quiz!

General Stats

  • This quiz has been taken 1,945 times
  • The average score is 200 of 250

Answers on the Map

Answers color-coded by a green-red scale on the quiz's map according to % correct below.
 

Answer Stats

StateCity% Correct
PennsylvaniaAllentown
98%
MassachusettsBoston
98%
ConnecticutBridgeport
98%
MassachusettsCambridge
98%
New HampshireConcord
98%
New HampshireDerry
98%
New JerseyElizabeth
98%
New JerseyLakewood Township
98%
MassachusettsLowell
98%
New HampshireManchester
98%
New HampshireNashua
98%
New JerseyNewark
98%
ConnecticutNew Haven
98%
PennsylvaniaPhiladelphia
98%
ConnecticutStamford
98%
ConnecticutWaterbury
98%
IllinoisChicago
97%
New HampshireDover
97%
New JerseyJersey City
97%
CaliforniaLos Angeles
97%
IllinoisNaperville
97%
New YorkNew York City
97%
New JerseyPaterson
97%
MainePortland
97%
IllinoisRockford
97%
MaineSouth Portland
97%
New YorkYonkers
97%
ColoradoAurora
96%
WyomingCheyenne
96%
TexasDallas
96%
ColoradoDenver
96%
ColoradoFort Collins
96%
TexasFort Worth
96%
WisconsinKenosha
96%
ColoradoLakewood
96%
WisconsinMadison
96%
FloridaMiami
96%
WisconsinMilwaukee
96%
WisconsinRacine
96%
GeorgiaAtlanta
95%
ArizonaChandler
95%
GeorgiaColumbus
95%
ConnecticutHartford
95%
NevadaHenderson
95%
NevadaLas Vegas
95%
GeorgiaMacon
95%
ArizonaMesa
95%
NevadaNorth Las Vegas
95%
CaliforniaSan Francisco
95%
CaliforniaSan Jose
95%
MassachusettsSpringfield
95%
OhioToledo
95%
MassachusettsWorcester
95%
TexasAustin
94%
WashingtonBellevue
94%
OhioCincinnati
94%
OhioCleveland
94%
KentuckyCovington
94%
Rhode IslandCranston
94%
MichiganDetroit
94%
Rhode IslandEast Providence
94%
OregonGresham
94%
OregonHillsboro
94%
Rhode IslandPawtucket
94%
ArizonaPhoenix
94%
OregonPortland
94%
Rhode IslandProvidence
94%
OregonSalem
94%
TexasSan Antonio
94%
ArizonaScottsdale
94%
WashingtonSeattle
94%
WashingtonTacoma
94%
WashingtonVancouver
94%
MichiganWarren
94%
Rhode IslandWarwick
94%
MaineAuburn
93%
IllinoisAurora
93%
North CarolinaGreensboro
93%
TexasHouston
93%
MaineLewiston
93%
FloridaOrlando
93%
IndianaSouth Bend
93%
FloridaSt. Petersburg
93%
FloridaTampa
93%
North CarolinaWinston-Salem
93%
DelawareBear
92%
MinnesotaBloomington
92%
DelawareDover
92%
MississippiHattiesburg
92%
MissouriIndependence
92%
KansasKansas City
92%
DelawareMiddletown
92%
MinnesotaMinneapolis
92%
DelawareNewark
92%
KansasOlathe
92%
KansasOverland Park
92%
PennsylvaniaReading
92%
MinnesotaRochester
92%
MinnesotaSt. Paul
92%
KansasTopeka
92%
DelawareWilmington
92%
LouisianaBaton Rouge
91%
KentuckyBowling Green
91%
LouisianaNew Orleans
91%
UtahOrem
91%
UtahProvo
91%
UtahSalt Lake City
91%
UtahWest Jordan
91%
UtahWest Valley City
91%
MississippiBiloxi
90%
ColoradoColorado Springs
90%
MississippiGulfport
90%
IndianaIndianapolis
90%
MississippiJackson
90%
OklahomaNorman
90%
OklahomaOklahoma City
90%
OklahomaTulsa
90%
OhioAkron
89%
IdahoBoise
89%
IdahoMeridian
89%
IdahoNampa
89%
New MexicoAlbuquerque
88%
TennesseeClarksville
88%
IllinoisJoliet
88%
New MexicoRio Rancho
88%
New MexicoSanta Fe
88%
MichiganAnn Arbor
87%
NebraskaBellevue
87%
North CarolinaCharlotte
87%
PennsylvaniaErie
87%
TennesseeNashville
87%
NebraskaOmaha
87%
CaliforniaSan Diego
87%
MichiganSterling Heights
87%
KentuckyLexington
86%
NebraskaLincoln
86%
KentuckyLouisville
86%
AlaskaAnchorage
85%
AlabamaBirmingham
85%
MissouriKansas City
85%
AlaskaKnik-Fairview
85%
New YorkRochester
85%
South CarolinaRock Hill
85%
New YorkBuffalo
84%
VirginiaChesapeake
84%
North CarolinaDurham
84%
HawaiiEast Honolulu
84%
HawaiiHonolulu
84%
ArkansasJonesboro
84%
TennesseeMemphis
84%
VirginiaNewport News
84%
VirginiaNorfolk
84%
HawaiiPearl City
84%
North CarolinaRaleigh
84%
VirginiaRichmond
84%
IowaSioux City
84%
MississippiSouthaven
84%
VirginiaVirginia Beach
84%
HawaiiWaipahu
84%
AlabamaMontgomery
83%
AlabamaTuscaloosa
83%
MarylandBaltimore
82%
MarylandBowie
82%
MarylandGaithersburg
82%
FloridaJacksonville
82%
PennsylvaniaPittsburgh
82%
MarylandRockville
82%
South CarolinaCharleston
80%
South CarolinaMount Pleasant
80%
South CarolinaNorth Charleston
80%
GeorgiaSavannah
80%
OklahomaLawton
79%
West VirginiaMorgantown
79%
West VirginiaWheeling
79%
IowaDes Moines
78%
IndianaCarmel
77%
ArkansasLittle Rock
77%
MissouriSt. Louis
77%
OhioColumbus
76%
AlabamaHuntsville
76%
West VirginiaParkersburg
76%
NevadaReno
76%
NevadaSparks
76%
West VirginiaCharleston
75%
West VirginiaHuntington
75%
GeorgiaAugusta
74%
South CarolinaColumbia
74%
AlaskaJuneau
73%
MarylandFrederick
72%
WyomingLaramie
72%
ArizonaTucson
72%
KentuckyOwensboro
70%
ArkansasFayetteville
69%
VermontRutland
69%
South DakotaSioux Falls
69%
ArkansasSpringdale
69%
OklahomaBroken Arrow
67%
MissouriSpringfield
67%
MontanaBillings
66%
North DakotaFargo
66%
North DakotaGrand Forks
66%
LouisianaLafayette
66%
North DakotaWest Fargo
66%
South DakotaBrookings
63%
AlabamaMobile
63%
South DakotaWatertown
63%
North DakotaBismarck
62%
KansasWichita
62%
AlaskaBadger
61%
OregonEugene
61%
AlaskaFairbanks
61%
NebraskaGrand Island
61%
New YorkSyracuse
59%
WashingtonSpokane
58%
MichiganGrand Rapids
55%
MissouriColumbia
54%
CaliforniaFresno
54%
IowaDavenport
51%
VermontBurlington
50%
MontanaButte
50%
VermontColchester
50%
VermontEssex
50%
IndianaFort Wayne
50%
VermontSouth Burlington
50%
IowaCedar Rapids
49%
IowaIowa City
49%
TennesseeKnoxville
48%
TennesseeChattanooga
46%
WisconsinGreen Bay
45%
LouisianaShreveport
45%
MontanaMissoula
44%
MaineBangor
42%
MontanaBozeman
41%
WyomingCasper
39%
MinnesotaDuluth
38%
IdahoIdaho Falls
37%
IdahoPocatello
37%
ArkansasFort Smith
36%
HawaiiHilo
35%
LouisianaLake Charles
35%
New MexicoLas Cruces
34%
South DakotaRapid City
31%
IndianaEvansville
27%
MontanaGreat Falls
25%
NebraskaKearney
20%
New MexicoRoswell
19%
North DakotaMinot
16%
WyomingGillette
14%
South DakotaAberdeen
11%
WyomingRock Springs
10%

Score Distribution

Percentile by Number Answered

Percent of People with Each Score

Your Score History

You have not taken this quiz